| 000 | 01355cab a22002175a 4500 | ||
|---|---|---|---|
| 001 | L137715 | ||
| 008 | 070425e2007 xxk 000 0 eng d | ||
| 035 | _a(Sirsi) u137715 | ||
| 041 | 0 | _aeng | |
| 110 | 2 |
_aCITB-ConstructionSkills _94992 |
|
| 245 | 0 | 0 |
_aNew research reveals the scale of the challenge faced by industry to become a first-choice employer _h[electronic resource] |
| 260 | _c2007 | ||
| 490 |
_aCITB-ConstructionSkills Press Release _v20 April 2007 |
||
| 520 | _aConstructionSkills' "Positive influence?" research shows that few parents view construction careers as suitable choices for their children, with only 4% of respondents choosing construction site manager as their preferred career option. However, 40% of parents stated they would be happy if their child wanted to work in the construction industry. These conflicting results reveal a lack in some parents' understanding of opportunities in the construction industry. The research also reinforces the need to challenge existing stereotypes and address the low proportion of women and ethnic minorities in construction. | ||
| 590 | _aKA NTK | ||
| 651 | 4 |
_aUnited Kingdom _y |
|
| 690 | _aBUILT ENVIRONMENT | ||
| 690 | _aCAREERS, EDUCATION AND TRAINING | ||
| 856 | 4 | 0 |
_uhttps://www.citb.co.uk/news/pressreleases/ _zView the item free of charge at www.citb.co.uk... |
| 942 | _n0 | ||
| 999 |
_c78696 _d78696 |
||